The interrelationship between parameters of the leather industry

Сохранить в:
Библиографические подробности
Формат:
Язык:Undetermined
Опубликовано: New York United Nations 1973
Предметы:
Метки: Добавить метку
Нет меток, Требуется 1-ая метка записи!
Thư viện lưu trữ: Trung tâm Học liệu Trường Đại học Cần Thơ
LEADER 00454nam a2200157Ia 4500
001 CTU_96366
008 210402s9999 xx 000 0 und d
082 |a 338.4 
082 |b I.61 
245 4 |a The interrelationship between parameters of the leather industry 
260 |a New York 
260 |b United Nations 
260 |c 1973 
650 |a Leather industry and trade 
904 |i Tuyến 
980 |a Trung tâm Học liệu Trường Đại học Cần Thơ